000 01050nam a22002297a 4500
999 _c21687
_d21687
003 AR-CdUCM
008 190425b ||||| |||| 00| 0 spa d
040 _aMUNICIPALIDAD PROVINCIAL DEL CUSCO
_cBIBLIOTECA MUNICIPAL DEL CUSCO
082 _aRev.Univ/N°9/1914
_bRev.Univ/N°9/1914
110 _aUniversidad Nacional de San Antonio Abad del Cusco
_915942
245 _aRevista Universitaria :
_bÓrgano de la Universidad del Cuzco /
260 _aCusco :
_bEl Trabajo,
_cjunio 1914.
300 _a57 páginas. :
_c20 cm.
440 _aRevista Universitaria
_nAño III, junio 1914, N°9
_945785
505 _aContenido: Discurso de apertura del año académico de 1914. Cosme Pacheco. -- La cuestión agraria en el Cuzco. Luis E. Valcárcel. -- Estudios geográficos en el departamento. Fortunato L. Herrera. -- Crónica Universitaria.
650 _aAgrícola
_919561
650 _aHistoria del Cusco
_91714
650 _aSiglo XX
_945779
710 _aUniversidad Nacional de San Antonio Abad del Cusco
_915942
942 _2ddc
_cPP
945 _arac